000 00392nam a22001577a 4500
005 20200601102303.0
008 200601b xxu||||| |||| 00| 0 eng d
041 _aeng
082 _a340
100 _aBARE ACT
_95744
245 _aTHE STATE FINANCIAL CORPORATION ,ACT 1951 (63-1951)
260 _aDELHI
_bPROFESSIONAL BOOK PUBLISHERS
300 _a46;p
650 _aLAW
_95701
942 _cBK
999 _c6746
_d6744